[Event "Oberliga Bayern 1314"]
[Site "Bayern"]
[Date "2014.02.23"]
[Round "7.2"]
[White "Kaunzinger, Albert"]
[Black "Demel, Paul"]
[Result "1-0"]
[WhiteElo "2263"]
[BlackElo "2178"]
[PlyCount "60"]
[EventDate "2013.10.13"]
[EventType "team-tourn"]
[EventRounds "9"]
[EventCountry "GER"]
[SourceTitle "EXT 2015"]
[Source "ChessBase"]
[SourceDate "2014.11.20"]
[SourceVersion "1"]
[SourceVersionDate "2014.11.20"]
[SourceQuality "1"]
[WhiteTeam "Groebenzell"]
[BlackTeam "Kriegshaber"]
[WhiteTeamCountry "GER"]
[BlackTeamCountry "GER"]

1. d4 Nf6 2. Bf4 g6 3. e3 Bg7 4. Nf3 d6 5. h3 0-0 6. Be2 b6 7. 0-0 Bb7 8. a4 a5 9. Na3 Nbd7 10. c3 Qe8 11. Bh2 e5 12. Nd2 Qe7 13. Bf3 e4 14. Be2 Ne8 15. b4 f5 16. bxa5 Rxa5 17. Nac4 Ra8 18. a5 b5 19. Qb3 Kh8 20. Qxb5 Ba6 21. Qc6 Ra7 22. Rfb1 Rf6 23. d5 Rf7 24. Nxd6 cxd6 25. Bxa6 Rc7 26. Qa8 Rf8 27. Bf1 Bxc3 28. Ra2 Nef6 29. Qa6 Nxd5 30. Bxd6 Qe6 1-0

[Event "Oberliga Bayern 1314"]
[Site "Bayern"]
[Date "2013.12.15"]
[Round "4.2"]
[White "Suran, Jan"]
[Black "Kaunzinger, Albert"]
[Result "1-0"]
[WhiteElo "2355"]
[BlackElo "2263"]
[PlyCount "143"]
[EventDate "2013.10.13"]
[EventType "team-tourn"]
[EventRounds "9"]
[EventCountry "GER"]
[SourceTitle "EXT 2015"]
[Source "ChessBase"]
[SourceDate "2014.11.20"]
[SourceVersion "1"]
[SourceVersionDate "2014.11.20"]
[SourceQuality "1"]
[WhiteTeam "Passau"]
[BlackTeam "Groebenzell"]
[WhiteTeamCountry "GER"]
[BlackTeamCountry "GER"]

1. e4 d6 2. d4 Nf6 3. Nc3 Nbd7 4. Nge2 e5 5. f3 c6 6. Be3 Be7 7. Qd2 Qa5 8. g4 h6 9. Ng3 g6 10. 0-0-0 h5 11. g5 Nh7 12. h4 Nhf8 13. f4 b5 14. Kb1 b4 15. Nce2 Nb6 16. Nc1 Bg4 17. Nb3 Qa4 18. Be2 Bxe2 19. Qxe2 exf4 20. Bxf4 Ne6 21. Be3 d5 22. Rhf1 Nc4 23. Bc1 Qb5 24. Qf3 Rf8 25. exd5 Qxd5 26. Ne4 a5 27. Nf6+ Bxf6 28. Qxf6 Ra7 29. Rfe1 Re7 30. Nc5 a4 31. b3 axb3 32. axb3 Nd6 33. Re5 Qg2 34. Rde1 Nb5 35. Nxe6 fxe6 36. Qxg6+ Kd7 37. Bb2 Rf1 38. Qd3 Rxe1+ 39. Rxe1 Qf2 40. Qe2 Qxe2 41. Rxe2 Rf7 42. Rg2 Rf1+ 43. Ka2 Ke7 44. g6 Kf8 45. g7+ Kg8 46. Rg6 Rf2 47. Rxe6 Rxc2 48. Kb1 Rh2 49. d5 Rh1+ 50. Ka2 Nc3+ 51. Bxc3 bxc3 52. Rxc6 Rxh4 53. Rxc3 Kxg7 54. Rd3 Kf7 55. d6 Ke8 56. Ka3 Kd7 57. Rd5 Rh1 58. Ka4 h4 59. b4 h3 60. Kb5 h2 61. Rd2 Rb1 62. Rxh2 Kxd6 63. Rc2 Rb3 64. Ka5 Rb1 65. b5 Ra1+ 66. Kb6 Rd1 67. Kb7 Rd5 68. b6 Kd7 69. Kb8 Rd1 70. b7 Rb1 71. Rd2+ Kc6 72. Kc8 1-0

[Event "Oberliga Bayern 1314"]
[Site "Bayern"]
[Date "2013.11.10"]
[Round "2.2"]
[White "Hoefelsauer, Thomas"]
[Black "Kaunzinger, Albert"]
[Result "1-0"]
[WhiteElo "2282"]
[BlackElo "2263"]
[PlyCount "61"]
[EventDate "2013.10.13"]
[EventType "team-tourn"]
[EventRounds "9"]
[EventCountry "GER"]
[SourceTitle "EXT 2015"]
[Source "ChessBase"]
[SourceDate "2014.11.20"]
[SourceVersion "1"]
[SourceVersionDate "2014.11.20"]
[SourceQuality "1"]
[WhiteTeam "Muenchen Suedost"]
[BlackTeam "Groebenzell"]
[WhiteTeamCountry "GER"]
[BlackTeamCountry "GER"]

1. Nf3 d5 2. c4 e6 3. g3 Nc6 4. Bg2 Nf6 5. 0-0 Be7 6. b3 Ne4 7. Bb2 Bf6 8. Qc2 Bxb2 9. Qxb2 Qf6 10. Qxf6 Nxf6 11. Nc3 Bd7 12. Rac1 0-0-0 13. d4 Be8 14. cxd5 Nxd5 15. e3 Nxc3 16. Rxc3 Ne7 17. Ne5 f6 18. Rfc1 c6 19. Nd3 Kc7 20. Nc5 Bf7 21. b4 Rd6 22. b5 Be8 23. a4 Nd5 24. Nxe6+ Rxe6 25. Bxd5 Rd6 26. Bf3 Kb6 27. a5+ Kxa5 28. bxc6 Bxc6 29. Rb3 Rc8 30. Bxc6 b5 31. Rxb5+ 1-0

[Event "Oberliga Bayern 1314"]
[Site "Bayern"]
[Date "2013.10.13"]
[Round "1.2"]
[White "Kaunzinger, Albert"]
[Black "Loos, Roland"]
[Result "1/2-1/2"]
[WhiteElo "2263"]
[BlackElo "2320"]
[PlyCount "125"]
[EventDate "2013.10.13"]
[EventType "team-tourn"]
[EventRounds "9"]
[EventCountry "GER"]
[SourceTitle "EXT 2015"]
[Source "ChessBase"]
[SourceDate "2014.11.20"]
[SourceVersion "1"]
[SourceVersionDate "2014.11.20"]
[SourceQuality "1"]
[WhiteTeam "Groebenzell"]
[BlackTeam "Neutraubling Wacker"]
[WhiteTeamCountry "GER"]
[BlackTeamCountry "GER"]

1. d4 Nf6 2. Bf4 e6 3. e3 c5 4. c3 b6 5. Nf3 Bb7 6. Be2 Be7 7. h3 0-0 8. 0-0 d6 9. Nbd2 cxd4 10. exd4 Nbd7 11. Re1 Qc7 12. Bf1 a6 13. a4 Rfe8 14. Bh2 Bc6 15. c4 a5 16. Rc1 Qb7 17. d5 exd5 18. Nd4 Nc5 19. Nxc6 Qxc6 20. cxd5 Qxd5 21. Bb5 Nd3 22. Bxe8 Rxe8 23. Nf3 Nxe1 24. Qxd5 Nxd5 25. Rxe1 Rc8 26. b3 Rc3 27. Nd4 g6 28. Bg3 Rd3 29. Nc6 Bf8 30. Re8 Kg7 31. Nb8 Rxb3 32. Bh4 Nc7 33. Rc8 Ne6 34. Nd7 Rb4 35. Bf6+ Kh6 36. Nxf8 Nc5 37. Nxh7 Ne4 38. h4 Rb1+ 39. Kh2 Nxf2 40. Bd4 Ng4+ 41. Kg3 Rb3+ 42. Kxg4 Rb4 43. Ng5 Rxd4+ 44. Kg3 Kg7 45. Rc7 Rxa4 46. Rxf7+ Kg8 47. Rf6 Kg7 48. Rxd6 Rb4 49. Rd7+ Kf6 50. Rf7+ Ke5 51. Nf3+ Ke6 52. Ra7 a4 53. Kh3 Kf5 54. g4+ Rxg4 55. Rf7+ Ke6 56. Ra7 Rb4 57. Ng5+ Kf5 58. Nf7 Ke6 59. Nh8 Kf5 60. Rf7+ Ke6 61. Ra7 Kf5 62. Rf7+ Ke6 63. Ra7 1/2-1/2

[Event "Oberliga Bayern 1213"]
[Site "Bayern"]
[Date "2013.04.14"]
[Round "9.4"]
[White "Kaunzinger, Albert"]
[Black "Epding, Olaf"]
[Result "1/2-1/2"]
[WhiteElo "2237"]
[BlackElo "2254"]
[PlyCount "82"]
[EventDate "2012.10.14"]
[EventType "team-tourn"]
[EventRounds "9"]
[EventCountry "GER"]
[SourceTitle "EXT 2015"]
[Source "ChessBase"]
[SourceDate "2014.11.20"]
[SourceVersion "1"]
[SourceVersionDate "2014.11.20"]
[SourceQuality "1"]
[WhiteTeam "Groebenzell"]
[BlackTeam "Nuernberg NT"]
[WhiteTeamCountry "GER"]
[BlackTeamCountry "GER"]

1. d4 d5 2. Bf4 Bg4 3. c4 dxc4 4. h3 Bh5 5. Qa4+ c6 6. Qxc4 Nf6 7. e3 Nbd7 8. Be2 e5 9. dxe5 Qa5+ 10. Nc3 Nxe5 11. Bxe5 Qxe5 12. Bxh5 Qxh5 13. Nf3 Qc5 14. Qxc5 Bxc5 15. 0-0-0 Bb4 16. Rd4 Bxc3 17. bxc3 Rd8 18. Kc2 Ke7 19. Rb1 Rxd4 20. Nxd4 b6 21. Nxc6+ Kd7 22. Nd4 Rc8 23. Kd3 Nd5 24. c4 Nc7 25. Rd1 Na6 26. Kc3 Ke7 27. Nb5 Ra8 28. f3 Nc5 29. Nd4 g6 30. Nc6+ Ke8 31. Rd5 h5 32. g4 hxg4 33. hxg4 Ne6 34. Nd4 Nc5 35. Nb5 Ke7 36. Rd1 Ne6 37. Rd5 Nc5 38. Nd4 Rc8 39. Kb4 Na6+ 40. Kc3 Nc5 41. Nb5 Ra8 1/2-1/2

[Event "Oberliga Bayern 1213"]
[Site "Bayern"]
[Date "2013.03.17"]
[Round "8.4"]
[White "Bintakies, Michael"]
[Black "Kaunzinger, Albert"]
[Result "0-1"]
[WhiteElo "2163"]
[BlackElo "2237"]
[PlyCount "138"]
[EventDate "2012.10.14"]
[EventType "team-tourn"]
[EventRounds "9"]
[EventCountry "GER"]
[SourceTitle "EXT 2015"]
[Source "ChessBase"]
[SourceDate "2014.11.20"]
[SourceVersion "1"]
[SourceVersionDate "2014.11.20"]
[SourceQuality "1"]
[WhiteTeam "Kriegshaber"]
[BlackTeam "Groebenzell"]
[WhiteTeamCountry "GER"]
[BlackTeamCountry "GER"]

1. f4 d5 2. Nf3 Bf5 3. b3 e6 4. Bb2 Nf6 5. e3 Be7 6. g3 h5 7. Bg2 Nc6 8. d3 Ng4 9. Qe2 Bf6 10. c3 Qd7 11. h3 Nh6 12. e4 dxe4 13. dxe4 Bh7 14. Na3 0-0-0 15. 0-0 Qd3 16. Rfe1 Qxe2 17. Rxe2 Rd3 18. Nb5 Rg8 19. Nbd4 e5 20. Nxc6 bxc6 21. fxe5 Be7 22. Kf2 Bc5+ 23. Nd4 Re8 24. Rc2 h4 25. gxh4 Rxe5 26. Bf1 Bxe4 27. Bxd3 Bxd3 28. Rd2 Bg6 29. Re1 Rh5 30. Kf1 Rxh4 31. Nxc6 Nf5 32. b4 Rf4+ 33. Ke2 Bb6 34. Nd4 Ng3+ 35. Kd1 Ne4 36. Rg2 Nf2+ 37. Kd2 Nd3 38. Rxg6 Nxe1 39. Rxg7 Nf3+ 40. Nxf3 Rxf3 41. h4 Rf2+ 42. Kc1 Be3+ 43. Kb1 f5 44. Rf7 f4 45. c4 f3 46. Be5 Rf1+ 47. Kb2 f2 48. Bg3 Rh1 49. Bxf2 Rh2 50. Kb3 Bxf2 51. h5 Bd4 52. Rf5 Rh3+ 53. Ka4 Kb7 54. Rb5+ Kc6 55. Rg5 Bb2 56. b5+ Kb7 57. c5 Bf6 58. Rf5 Be7 59. Kb4 Bh4 60. Re5 Bg3 61. Rf5 Be1+ 62. Kc4 Bd2 63. Rd5 Rc3+ 64. Kb4 Rd3+ 65. Kc4 Rxd5 66. Kxd5 Bh6 67. a4 Bf8 68. a5 c6+ 69. bxc6+ Kc7 0-1

[Event "Oberliga Bayern 1213"]
[Site "Bayern"]
[Date "2012.12.09"]
[Round "4.4"]
[White "Kaunzinger, Albert"]
[Black "Schelle, Artur"]
[Result "1-0"]
[WhiteElo "2237"]
[BlackElo "2164"]
[PlyCount "99"]
[EventDate "2012.10.14"]
[EventType "team-tourn"]
[EventRounds "9"]
[EventCountry "GER"]
[SourceTitle "EXT 2015"]
[Source "ChessBase"]
[SourceDate "2014.11.20"]
[SourceVersion "1"]
[SourceVersionDate "2014.11.20"]
[SourceQuality "1"]
[WhiteTeam "Groebenzell"]
[BlackTeam "Muenchen Tarrasch"]
[WhiteTeamCountry "GER"]
[BlackTeamCountry "GER"]

1. d4 f5 2. Bf4 Nf6 3. e3 d6 4. Bc4 e6 5. Nc3 Be7 6. h3 0-0 7. Nf3 c6 8. Qe2 b5 9. Bd3 b4 10. Nb1 Nbd7 11. Nbd2 Nd5 12. Bh2 N7f6 13. 0-0 Bd7 14. Rfe1 Qa5 15. Nc4 Qc7 16. Nfd2 c5 17. Nb3 cxd4 18. exd4 Qc6 19. Nba5 Qc7 20. Nb3 Qc6 21. Qf3 Rad8 22. a3 Bc8 23. axb4 Nxb4 24. Qxc6 Nxc6 25. c3 Nd5 26. Nca5 Nb8 27. Nc4 a6 28. Ne3 Nxe3 29. fxe3 Bb7 30. Na5 Be4 31. Bf1 Rfe8 32. Nc4 Bb7 33. Bg3 g5 34. Na5 Be4 35. c4 Bf6 36. b4 e5 37. Bf2 f4 38. Rad1 h5 39. d5 g4 40. hxg4 hxg4 41. exf4 exf4 42. Bb6 Rc8 43. Nb7 Nd7 44. Nxd6 Nxb6 45. Nxe4 Bh4 46. g3 fxg3 47. Kg2 Kh8 48. c5 Nd7 49. d6 a5 50. Bb5 1-0

[Event "Oberliga Bayern 1112"]
[Site "Bayern"]
[Date "2011.12.11"]
[Round "4.6"]
[White "Kaunzinger, Albert"]
[Black "Prediger, Rupert"]
[Result "1/2-1/2"]
[WhiteElo "2166"]
[BlackElo "2166"]
[PlyCount "120"]
[EventDate "2011.10.02"]
[EventType "team-tourn"]
[EventRounds "9"]
[EventCountry "GER"]
[SourceTitle "EXT 2013"]
[Source "ChessBase"]
[SourceDate "2012.11.22"]
[SourceVersion "1"]
[SourceVersionDate "2012.11.22"]
[SourceQuality "1"]
[WhiteTeam "Groebenzell"]
[BlackTeam "Pang/Rosenheim"]
[WhiteTeamCountry "GER"]
[BlackTeamCountry "GER"]

1. d4 Nf6 2. Bf4 d6 3. e3 Nc6 4. Nf3 Nh5 5. Bg5 h6 6. Bh4 g5 7. Nfd2 Ng7 8. Bg3 Nf5 9. Bd3 Nxg3 10. hxg3 Bg7 11. c3 Bd7 12. Na3 e6 13. Qe2 Qe7 14. 0-0-0 0-0-0 15. Nc2 d5 16. e4 dxe4 17. Nxe4 Kb8 18. Bb5 a6 19. Bxa6 bxa6 20. Qxa6 Na7 21. Nb4 Bb5 22. Qa5 Rd6 23. a4 Bd7 24. Nxd6 Qxd6 25. Na6+ Ka8 26. Qxc7 Qxc7 27. Nxc7+ Kb7 28. Nb5 Nxb5 29. axb5 Bxb5 30. b3 Bc6 31. f3 g4 32. fxg4 Bf6 33. Rhf1 Bg5+ 34. Kb2 f6 35. Rf2 Ra8 36. Re1 Bd7 37. Ra1 Rxa1 38. Kxa1 Bb5 39. Kb2 Bd3 40. Ka3 e5 41. dxe5 fxe5 42. Kb2 e4 43. Rf4 Bxf4 44. gxf4 Be2 45. g5 hxg5 46. fxg5 Bh5 47. c4 e3 48. Kc2 Bg6+ 49. Kd1 Bd3 50. g6 Bxg6 51. Ke2 Kc6 52. Kxe3 Kc5 53. Kd2 Kd4 54. g4 Bh7 55. g5 Be4 56. Kd1 Kc3 57. Ke2 Kd4 58. Kd2 Bg6 59. Kc1 Kc3 60. c5 Be4 1/2-1/2

[Event "Oberliga Bayern 1112"]
[Site "Bayern"]
[Date "2011.11.20"]
[Round "3.6"]
[White "Stoer, Andreas"]
[Black "Kaunzinger, Albert"]
[Result "0-1"]
[WhiteElo "2152"]
[BlackElo "2166"]
[PlyCount "106"]
[EventDate "2011.10.02"]
[EventType "team-tourn"]
[EventRounds "9"]
[EventCountry "GER"]
[SourceTitle "EXT 2013"]
[Source "ChessBase"]
[SourceDate "2012.11.22"]
[SourceVersion "1"]
[SourceVersionDate "2012.11.22"]
[SourceQuality "1"]
[WhiteTeam "Kriegshaber"]
[BlackTeam "Groebenzell"]
[WhiteTeamCountry "GER"]
[BlackTeamCountry "GER"]

1. c4 e6 2. Nf3 d5 3. g3 Nf6 4. Bg2 Be7 5. 0-0 0-0 6. b3 b6 7. Bb2 Bb7 8. e3 dxc4 9. bxc4 Nbd7 10. d4 Ne4 11. Qc2 Rb8 12. Rd1 Qc8 13. Nbd2 Nxd2 14. Rxd2 Nf6 15. Rc1 Rd8 16. Qd1 h6 17. Ne5 Bxg2 18. Kxg2 Qb7+ 19. Qf3 Qxf3+ 20. Kxf3 Ra8 21. e4 Bb4 22. Rd3 Bf8 23. Ke3 a6 24. f4 Nd7 25. Nc6 Re8 26. g4 g6 27. h4 Nf6 28. Rg1 Nd7 29. Rg2 Kh7 30. Rd1 Bg7 31. h5 b5 32. hxg6+ fxg6 33. c5 a5 34. Rf1 Rf8 35. Rgf2 Nf6 36. Ne5 b4 37. Rh1 Ng8 38. g5 Bxe5 39. dxe5 a4 40. gxh6 a3 41. Ba1 Ra5 42. Kd4 Ne7 43. Kc4 Rd8 44. Rb1 Nc6 45. f5 gxf5 46. exf5 Rd5 47. Rf3 Raxc5+ 48. Kb3 Na5+ 49. Ka4 Nc4 50. f6 Nd2 51. Rbb3 Ra5+ 52. Kxb4 Rdb5+ 53. Kc3 Rxb3+ 0-1

[Event "Oberliga Bayern 1011"]
[Site "Germany"]
[Date "2011.02.06"]
[Round "6.5"]
[White "Kaunzinger, Albert"]
[Black "Rother, Christoph"]
[Result "1/2-1/2"]
[WhiteElo "2166"]
[BlackElo "2169"]
[PlyCount "24"]
[EventDate "2010.10.10"]
[EventType "team-tourn"]
[EventRounds "9"]
[EventCountry "GER"]
[SourceTitle "EXT 2012"]
[Source "ChessBase"]
[SourceDate "2011.11.24"]
[SourceVersion "1"]
[SourceVersionDate "2011.11.24"]
[SourceQuality "1"]
[WhiteTeam "Groebenzell"]
[BlackTeam "Regensburg Fortuna"]
[WhiteTeamCountry "GER"]
[BlackTeamCountry "GER"]

1. Nc3 d5 2. e4 Nf6 3. exd5 Nxd5 4. Bc4 e6 5. Nf3 Be7 6. 0-0 0-0 7. Re1 Nb6 8. Bd3 Nc6 9. a3 f5 10. Bb5 Nd4 11. Nxd4 Qxd4 12. Bf1 c5 1/2-1/2

[Event "Oberliga Bayern 1011"]
[Site "Germany"]
[Date "2010.12.12"]
[Round "4.5"]
[White "Promyshlyanskiy, Vitaliy"]
[Black "Kaunzinger, Albert"]
[Result "1-0"]
[WhiteElo "2180"]
[BlackElo "2166"]
[PlyCount "67"]
[EventDate "2010.10.10"]
[EventType "team-tourn"]
[EventRounds "9"]
[EventCountry "GER"]
[SourceTitle "EXT 2012"]
[Source "ChessBase"]
[SourceDate "2011.11.24"]
[SourceVersion "1"]
[SourceVersionDate "2011.11.24"]
[SourceQuality "1"]
[WhiteTeam "Nuernberg NT"]
[BlackTeam "Groebenzell"]
[WhiteTeamCountry "GER"]
[BlackTeamCountry "GER"]

1. e4 d5 2. exd5 Qxd5 3. Nc3 Qa5 4. d4 Nf6 5. Nf3 c6 6. Bc4 Bf5 7. Bd2 e6 8. Qe2 Qb6 9. 0-0-0 Nbd7 10. Ne5 Qxd4 11. Nxd7 Nxd7 12. Be3 Qf6 13. g4 Bg6 14. Nb5 0-0-0 15. h4 h6 16. Nxa7+ Kb8 17. Qd2 Bc5 18. Bxc5 Nxc5 19. Nxc6+ bxc6 20. Qb4+ Kc8 21. Qxc5 Qf4+ 22. Kb1 Qc7 23. Rde1 Rd2 24. Ba6+ Kd7 25. Rd1 Rd5 26. Bc4 Rd6 27. Rxd6+ Qxd6 28. Qa7+ Ke8 29. Qa8+ Ke7 30. Qxh8 Bxc2+ 31. Kxc2 Qf4 32. Rd1 Qxc4+ 33. Kb1 Qc2+ 34. Kxc2 1-0

[Event "Oberliga Bayern 0910"]
[Site "Bayern"]
[Date "2010.04.11"]
[Round "9.5"]
[White "Fischer, Thomas2222"]
[Black "Kaunzinger, Albert"]
[Result "1/2-1/2"]
[WhiteElo "2109"]
[BlackElo "2186"]
[PlyCount "29"]
[EventDate "2009.10.18"]
[EventType "team-tourn"]
[EventRounds "9"]
[EventCountry "GER"]
[SourceTitle "EXT 2011"]
[Source "ChessBase"]
[SourceDate "2010.11.26"]
[SourceVersion "1"]
[SourceVersionDate "2010.11.26"]
[SourceQuality "1"]
[WhiteTeam "Bad Koenigshofen"]
[BlackTeam "Groebenzell"]
[WhiteTeamCountry "GER"]
[BlackTeamCountry "GER"]

1. d4 d5 2. Bf4 c5 3. e3 Nc6 4. Nf3 Nf6 5. Nbd2 e6 6. c3 Be7 7. h3 0-0 8. Bd3 Qb6 9. Rb1 Bd7 10. 0-0 h6 11. Ne5 Rfd8 12. Qf3 Nxe5 13. dxe5 Ne8 14. Qg4 g5 15. Bh2 1/2-1/2